<?xml version="1.0" encoding="UTF-8"?>
<collection xmlns="http://www.loc.gov/MARC21/slim">
 <record>
  <leader>01955nam a22002417a 4500</leader>
  <controlfield tag="001">NCT_4_015945</controlfield>
  <controlfield tag="008">250116b        xxu||||| |||| 00| 0 vie d</controlfield>
  <datafield tag="999" ind1=" " ind2=" ">
   <subfield code="c">8759</subfield>
   <subfield code="d">8759</subfield>
  </datafield>
  <datafield tag="020" ind1=" " ind2=" ">
   <subfield code="a">9786043149517</subfield>
   <subfield code="c">285000</subfield>
  </datafield>
  <datafield tag="082" ind1="0" ind2="4">
   <subfield code="2">23rd ed.</subfield>
   <subfield code="a">659.113</subfield>
   <subfield code="b">M216</subfield>
  </datafield>
  <datafield tag="100" ind1="1" ind2=" ">
   <subfield code="a">Mahon, Nik</subfield>
  </datafield>
  <datafield tag="245" ind1="1" ind2="0">
   <subfield code="a">Art direction - Art director và hành trình định hướng hình ảnh trong chiến dịch quảng cáo</subfield>
   <subfield code="c">Nik Mahon ; Nguyễn Hữu Nam dịch</subfield>
  </datafield>
  <datafield tag="260" ind1=" " ind2=" ">
   <subfield code="a">H.</subfield>
   <subfield code="b">Dân Trí</subfield>
   <subfield code="c">2023</subfield>
  </datafield>
  <datafield tag="300" ind1=" " ind2=" ">
   <subfield code="a">183 tr.</subfield>
   <subfield code="b">Hình ảnh</subfield>
   <subfield code="c">25 cm</subfield>
  </datafield>
  <datafield tag="490" ind1="1" ind2=" ">
   <subfield code="a">Bộ sách Sáng tạo không rào cản</subfield>
   <subfield code="v">1</subfield>
  </datafield>
  <datafield tag="520" ind1="3" ind2=" ">
   <subfield code="a">Trình bày bí quyết về hành trình định hướng hình ảnh mang đến một cách tiếp cận rõ ràng, chi tiết về công việc sáng tạo nghệ thuật - Art Direction để truyền tải một thông điệp quảng cáo theo cách thu hút sự chú ý, lôi cuốn về mặt thị giác và nhất quán với các mục tiêu mang tính chiến lược và đầy tính sáng tạo của một thương hiệu: Vai trò của art director, bộ công cụ định hướng hình ảnh, tạo ra các mẫu quảng cáo, phương tiện truyền thông...</subfield>
  </datafield>
  <datafield tag="653" ind1=" " ind2=" ">
   <subfield code="a">Truyền thông đa phương tiện</subfield>
  </datafield>
  <datafield tag="700" ind1="1" ind2=" ">
   <subfield code="a">Nguyễn Hữu Nam</subfield>
   <subfield code="e">Dịch</subfield>
  </datafield>
  <datafield tag="942" ind1=" " ind2=" ">
   <subfield code="2">ddc</subfield>
   <subfield code="c">BK</subfield>
  </datafield>
  <datafield tag="952" ind1=" " ind2=" ">
   <subfield code="0">0</subfield>
   <subfield code="1">0</subfield>
   <subfield code="2">ddc</subfield>
   <subfield code="4">0</subfield>
   <subfield code="6">659_113000000000000_M216</subfield>
   <subfield code="7">0</subfield>
   <subfield code="9">30085</subfield>
   <subfield code="a">000001</subfield>
   <subfield code="b">000001</subfield>
   <subfield code="d">2025-01-16</subfield>
   <subfield code="l">1</subfield>
   <subfield code="o">659.113 M216</subfield>
   <subfield code="p">MD.23466</subfield>
   <subfield code="r">2025-03-22</subfield>
   <subfield code="s">2025-03-22</subfield>
   <subfield code="v">285000.00</subfield>
   <subfield code="w">2025-01-16</subfield>
   <subfield code="y">BK</subfield>
  </datafield>
  <datafield tag="952" ind1=" " ind2=" ">
   <subfield code="0">0</subfield>
   <subfield code="1">0</subfield>
   <subfield code="2">ddc</subfield>
   <subfield code="4">0</subfield>
   <subfield code="6">659_113000000000000_M216</subfield>
   <subfield code="7">0</subfield>
   <subfield code="9">30086</subfield>
   <subfield code="a">000001</subfield>
   <subfield code="b">000001</subfield>
   <subfield code="d">2025-01-16</subfield>
   <subfield code="o">659.113 M216</subfield>
   <subfield code="p">MD.23467</subfield>
   <subfield code="r">2025-01-16</subfield>
   <subfield code="v">285000.00</subfield>
   <subfield code="w">2025-01-16</subfield>
   <subfield code="y">BK</subfield>
  </datafield>
  <datafield tag="952" ind1=" " ind2=" ">
   <subfield code="0">0</subfield>
   <subfield code="1">0</subfield>
   <subfield code="2">ddc</subfield>
   <subfield code="4">0</subfield>
   <subfield code="6">659_113000000000000_M216</subfield>
   <subfield code="7">0</subfield>
   <subfield code="9">30087</subfield>
   <subfield code="a">000001</subfield>
   <subfield code="b">000001</subfield>
   <subfield code="d">2025-01-16</subfield>
   <subfield code="o">659.113 M216</subfield>
   <subfield code="p">MD.23468</subfield>
   <subfield code="r">2025-01-16</subfield>
   <subfield code="v">285000.00</subfield>
   <subfield code="w">2025-01-16</subfield>
   <subfield code="y">BK</subfield>
  </datafield>
  <datafield tag="980" ind1=" " ind2=" ">
   <subfield code="a">Thư viện Trường Đại học Nam Cần Thơ</subfield>
  </datafield>
 </record>
</collection>
